Time Management Structural work of MCB Tower, Karachi Using Primavera & MS-Project 2002 (Record no. 58660)

MARC details
000 -LEADER
fixed length control field 00346nam a22001217a 4500
100 ## - MAIN ENTRY--AUTHOR NAME
Personal name gulshan Oad
100 ## - MAIN ENTRY--AUTHOR NAME
Personal name 98CE89
245 ## - TITLE STATEMENT
Title Time Management Structural work of MCB Tower, Karachi Using Primavera & MS-Project 2002
260 ## - PUBLICATION, DISTRIBUTION, ETC. (IMPRINT)
Place of publication Nawabshah:
Name of publisher QUEST,
Year of publication 1998.
300 ## - PHYSICAL DESCRIPTION
Number of Pages 95p.
700 ## - ADDED ENTRY--PERSONAL NAME
Personal name Department of Civil Engineering
942 ## - ADDED ENTRY ELEMENTS (KOHA)
Koha item type Thesis and Dissertation
Holdings
Withdrawn status Lost status Home library Current library Date acquired Accession Number Koha item type
    Central Library, QUEST, Nawabshah Research Section 04/05/2018 CEP/36-328 Thesis and Dissertation